| 000 | 01120nam a2200325 a 4500 | ||
|---|---|---|---|
| 001 | 24632 | ||
| 003 | CO-ViMGA | ||
| 005 | 20230915232010.0 | ||
| 008 | 141112s2004 ck r 000 u spa d | ||
| 015 | _ack - 2006 - xxxx | ||
| 020 | _a9789586486644 | ||
| 040 |
_aCO-ViMGA _bspa _cCO-ViMGA |
||
| 041 | _aspa | ||
| 082 | 0 | 4 | _a620.82 C78e |
| 100 | 1 |
_aCruz Gómez, J. Alberto. _936694 |
|
| 245 | 1 | 0 |
_aErgonomía aplicada / _cJ. Alberto Cruz G., G. Andrés Garnica G. ; ilustraciones Diego Mojica. |
| 250 | _a4a. ed. | ||
| 260 |
_aBogotá : _bEcoe Ediciones, _c2010 |
||
| 300 | _a216 p. : il. ; 24 cm. | ||
| 490 | _aTextos universitarios. Ingeniería y arquitectura | ||
| 504 | _aIncluye bibliografía. | ||
| 650 | 1 | 4 |
_aBiomecánica _932206 |
| 650 | 1 | 4 |
_aErgonomía _95633 |
| 650 | 1 | 4 | _aSalud ocupacional |
| 650 | 1 | 4 |
_aSeguridad industrial _951373 |
| 700 | 1 |
_aGarnica Gaitán, Germán Andrés. _936695 |
|
| 942 |
_2ddc _cBK |
||
| 949 | _ac c | ||
| 999 |
_c31665 _d31665 |
||